Datum a čas kvízu
26
Celkem bodů
Celkový počet nahraných bodů na tomto kvízu bez doplňovacích otázek.
3.
Pořadí na kvízu
Konečné umístění týmu na tomto kvízu.
Zaznamenané odpovědi
| # | Otázka | Odpověď | Body | Výsledky |
|---|---|---|---|---|
| 1. | ODS v pondělí představila svou... | 1D 2A 3B 4C | 1 | |
| 2. | Britské bankovky budou mít nov... | C | 0 | |
| 3. | Která zpěvačka minulý týden př... | Olga Lounová | 0 | |
| 4. | Která společnost patřící do na... | Orlen Unipetrol | 1 | |
| 5. | V závěrečné fázi Ligy mistrů U... | Antonín Kinský; Tottenham (Hotspur FC) | 0.5 | |
| 6. | Nejrozšířenějším „národním spo... | D | 1 | |
| 7. | Za národní sport lze považovat... | národní házená (česká házená) | 0 | |
| 8. | Podle anglické Wikipedie exist... | o Kanadě | 1 | |
| 9. | U uzákoněných národních sportů... | polo; basketbal | 0.5 | |
| 10. | I medailové úspěchy z olympijs... | D | 1 |